000 00469nam a2200181Ia 4500
005 20250326142154.0
008 250326s9999 xx 000 0 und d
037 _aTextbook
040 _aFMSL
_beng
_cFMSL
041 _aeng
_2eng
084 _qFMSL
100 _aHarvard Business Review
_9728401
245 0 _aTrials and rewards of the enterpreneur
_cHarvard Business Review
260 _c1982
300 _a160p
942 _cTB
999 _c1293770
_d1293770